| 000 | 00463nam a22001817a 4500 | ||
|---|---|---|---|
| 003 | OSt | ||
| 005 | 20140310182351.0 | ||
| 008 | 130930t xxu||||| |||| 00| 0 eng d | ||
| 050 |
_aM 1977 _b.So698 1993 |
||
| 082 |
_aGS 369.43 _bSo58 1993 |
||
| 245 | _aSong scouts sing / | ||
| 260 |
_aManila : _bNational office, _c1993 |
||
| 300 |
_a116 p. : _bill. ; _c18 cm. |
||
| 650 |
_aBoy scouts _922134 |
||
| 650 |
_aSongs _922167 |
||
| 942 |
_2lcc _cBK-GS |
||
| 999 |
_c12359 _d12359 |
||